| Tag |
First Indicator |
Second Indicator |
Subfields |
| LEADER |
00000nam a2200000 4500 |
| 001 |
in00004221521 |
| 005 |
20200806100358.0 |
| 006 |
m g d |
| 007 |
cr bn |||a|bb| |
| 008 |
910715s1605 enk o 00| | eng d |
| 035 |
|
|
|a (UnM)99843383
|
| 037 |
|
|
|a CL0036000037
|b ProQuest. 789 E. Eisenhower Parkway, Ann Arbor, MI 48108-3218
|
| 040 |
|
|
|a Cu-RivES
|c Cu-RivES
|d CStRLIN
|e dcrb
|d WaOLN
|
| 100 |
1 |
|
|a Chapman, George,
|d 1559?-1634.
|
| 245 |
0 |
0 |
|a Al fooles :
|b a comedy, presented at the Black Fryers, and lately before his Maiestie. Written by George Chapman.
|
| 246 |
2 |
|
|a All fooles.
|
| 260 |
|
|
|a At London :
|b Printed [by George Eld] for Thomas Thorpe,
|c 1605.
|
| 300 |
|
|
|a 1 online resource ([76] pages)
|
| 336 |
|
|
|a text
|b txt
|2 rdacontent
|
| 337 |
|
|
|a computer
|b c
|2 rdamedia
|
| 338 |
|
|
|a online resource
|b cr
|2 rdacarrier
|
| 500 |
|
|
|a In verse.
|
| 500 |
|
|
|a The first of two words of the title are xylographic, with the "S" reversed.
|
| 500 |
|
|
|a Printer's name from STC.
|
| 500 |
|
|
|a Signatures: A-I⁴ K² .
|
| 500 |
|
|
|a The first leaf is blank except for signature-mark "A"; the last leaf is blank.
|
| 500 |
|
|
|a Running title reads: All fooles.
|
| 500 |
|
|
|a Variant: title page has "comody".
|
| 500 |
|
|
|a Reproduction of the original in the Henry E. Huntington Library and Art Gallery.
|
| 510 |
4 |
|
|a STC (2nd edition)
|c 4963.
|
| 510 |
3 |
|
|a Greg, I, 219.
|
| 533 |
|
|
|a Electronic reproduction.
|b Ann Arbor, Mich. :
|c UMI,
|d 1999-
|f (Early English books online)
|n Digital version of: (Early English books, 1475-1640 ; 1342:06)
|7 s1999 miun s
|
| 830 |
|
0 |
|a Early English books online.
|
| 856 |
4 |
0 |
|u http://proxy.library.tamu.edu/login?url=https://search.proquest.com/docview/2248501651
|z Connect to the full text of this electronic book
|t 0
|
| 999 |
f |
f |
|s 1384f3e0-1cf3-33e3-95ba-7d2b51afa000
|i 3937261a-f4b2-38cd-bcc0-d763d95fb7e9
|t 0
|
| 952 |
f |
f |
|a Texas A&M University
|b College Station
|c Electronic Resources
|d Available Online
|t 0
|h No information provided
|
| 998 |
f |
f |
|t 0
|l Available Online
|